<?xml version="1.0" encoding="UTF-8"?>
<marc:record xmlns:marc="http://www.loc.gov/MARC21/slim">
   <marc:leader>00000nam a2200000 a 4500</marc:leader>
   <marc:datafield ind1="1" ind2=" " tag="100">
      <marc:subfield code="a">Kolba, Dr. Peter</marc:subfield>
      <marc:subfield code="4">aut</marc:subfield>
      <marc:subfield code="e">Verfasser/-in</marc:subfield>
   </marc:datafield>
   <marc:datafield ind1="1" ind2=" " tag="100">
      <marc:subfield code="a">Resetarits, Dr. Peter</marc:subfield>
      <marc:subfield code="4">aut</marc:subfield>
      <marc:subfield code="e">Verfasser/-in</marc:subfield>
   </marc:datafield>
   <marc:datafield ind1="0" ind2="0" tag="245">
      <marc:subfield code="a">Mein großer Rechts-Berater</marc:subfield>
   </marc:datafield>
   <marc:datafield ind1="0" ind2="0" tag="245">
      <marc:subfield code="b">Antworten auf alle juristischen Fragen im Alltag</marc:subfield>
   </marc:datafield>
   <marc:datafield ind1="0" ind2="0" tag="245">
      <marc:subfield code="c">Dr. Peter Kolba ; Dr. Peter Resetarits</marc:subfield>
   </marc:datafield>
   <marc:datafield ind1=" " ind2="1" tag="264">
      <marc:subfield code="a">Wien</marc:subfield>
      <marc:subfield code="b">Donauland</marc:subfield>
      <marc:subfield code="c">2008</marc:subfield>
   </marc:datafield>
   <marc:datafield ind1=" " ind2=" " tag="250">
      <marc:subfield code="a">3. aktualisierte und erweiterte Auflage</marc:subfield>
   </marc:datafield>
   <marc:datafield ind1="1" ind2=" " tag="520">
      <marc:subfield code="a">Inhalt Mein großer Rechts-Berater ist schon lange die 'erste Hilfe' in jedem Rechtsfall.Mit zahlreichen Fallbeispielen, Tipps und Erläuterungen ohne juristisches Fachchinesisch geben die Autoren Schützenhilfe nicht nur bei traditionellen Rechtsproblemen, sondern auch bei Streitsachen des modernen Lebens wie Online-Shopping oder medizinisch unterstützter Fortpflanzung. Die völlig aktualisierte Neuauflage beleuchtet sämtliche Neuerungen - unter anderem in den Bereichen: - Sachwalterrecht - Vorsorgevollmacht und Vertretungsbefugnis naher Angehöriger - Patientenverfügung - Neuerungen/Wegfall der Erbschafts- und Schenkungssteuer - Heimvertragsrecht - Mietrecht</marc:subfield>
   </marc:datafield>
   <marc:datafield ind1=" " ind2=" " tag="300">
      <marc:subfield code="a">842 S.</marc:subfield>
   </marc:datafield>
</marc:record>
